Film dont le titre commence par un P (2) - Statistiques

Statistiques générales
  • Ce quiz a été pris 2 fois
  • Le résultat moyen est 6 sur 30
Statistiques - réponses
Année Réalisateur Genre 1 acteur ou
1 actrice
Titre % Correct
1998 Darren Aronofsky Fantastique Sean Gullette Pi
100%
1974 Brian de Palma Musical Paul Williams Phantom of the paradise
50%
1993 Jonathan Demme Drame Tom Hanks Philadelphia
50%
2002 Joel Schumacher Thriller Colin Farrell Phone game
50%
1988 John McTiernan Policier Bruce Willis Piège de cristal
50%
1939 Robert Siodmak Policier Eric von Stroheim Pièges
50%
1986 Roman Polanski Aventures Walter Matthau Pirates
50%
1986 Oliver Stone Guerre Tom Berenger Platoon
50%
2003 Yann Moix Comédie Benoît Poelvoorde Podium
50%
1976 Alain Corneau Policier Yves Montand Police Python 357
50%
2014 Paul Anderson Action Kit Harington Pompéi
50%
1974 Henri Verneuil Policier Jean-Paul Belmondo Peur sur la ville
0%
2011 Sylvain Fusée Comédie Jérémie Rénier Philibert
0%
2013 Stephen Frears Drame Steve Coogan Philomena
0%
2010 Pierre Granier-Deferre Comédie Danielle Darrieux Pièce montée
0%
1993 Rowdy Herrington Policier Bruce Willis Piège en eaux troubles
0%
1992 Andrew Davis Aventures Steven Seagal Piège en haute mer
0%
1982 Alan Parker Musical Bob Geldof Pink Floyd The wall
0%
1984 Gérard Jugnot Comédie Pierre Mondy Pinot simple flic
0%
2018 Agnès Jaoui Comédie Jean-Pierre Bacri Place publique
0%
1998 Noël Sorrente Comédie dramatique Catherine Deneuve Place Vendôme
0%
2017 Christophe Honoré Comédie dramatique Denis Podalydès Plaire, aimer et courir vite
0%
2012 Christelle Raynal Comédie Frank Dubosc Plan de table
0%
1953 John Huston Aventures Humphrey Bogart Plus fort que le diable
0%
1954 Gilles Grangier Comédie Bourvil Poisson d'avril
0%
1984 Hugh Wilson Comédie Steve Guttenberg Police academy
0%
2011 Maïwenn Drame Karin Viard Polisse
0%
2015 Gil Kenan Fantastique Sam Rockwell Poltergeist
0%
2019 Nicolas Vanier Aventure François Cluzet Poly
0%
1942 Jean Delannoy Drame Pierre Blanchar Pontcarral colonel d'empire
0%
Aucun quiz correspondant
Distribution des résultats
% des personnes avec chaque résultat
Percentile par nombre de réponses
Votre historique - résultats
Vous n’avez pas pris ce quiz